Harem-i Hümayun (Record no. 10886)

MARC details
000 -BAŞLIK
Sabit Uzunlukta Kontrol Alanı 00956na a2200277 4500
001 - KONTROL NUMARASI
Denetim Alanı 24541
003 - KONTROL NUMARASI IDENTIFIER
Denetim Alanı MIRAKIL
005 - SON İŞLEM TARİHİ VE ZAMANI
Denetim Alanı 20181213155336.0
008 - SABİT-BOY VERİ ELEMANLARI - GENEL BİLGİLER
Sabit Uzunlukta Kontrol Alanı 181129b tu 000 0
020 ## - ULUSLARARASI STANDART KİTAP NUMARASI
Uluslararası Standart Kitap Numarası 9753330480
040 ## - KATALOGLAMA KAYNAK
Orijinal Kataloglama Ajansı Milas
Kataloglama Dili tur
Metne Dönüştürmek Ajansı TR-AnCHP
041 ## - DİL KODU
Metin / Ses Parça Veya Ayrı Başlığın Dil Kodu tur
082 ## - DEWEY ONLU SINIFLANDIRMA NUMARASI
Sınıflandırma Numarası 306.409561015
Ürün Numarası P35h 1998
090 ## - SINIFLAMA NUMARASI
Sınıflama Numarası 306.409561015 P35h 1998
100 ## - ANA GİRİŞ - KİŞİSEL İSİM
Kişisel Ad Peirce, Leslie P.
245 ## - BAŞLIK TABLOSU
Başlık Harem-i Hümayun
Başlığın Kalan Osmanlı İmparatorluğu'nda hükümranlık ve kadınlar
Sorumluluk Tablosu, Vb Leslie P. Peirce ; çeviren Ayşe Berktay
246 ## - UNVAN FORM VARYING
Başlık Doğru / Kısa Başlığı Osmanlı İmparatorluğu'nda hükümranlık ve kadınlar
260 ## - YAYIN, DAĞITIM, VB
Yayın, Dağıtım, Vb Yeri İstanbul
Yayıncı, Dağıtıcı, Vs Adı Tarih Vakfı Yurt Yayınları
Yayın, Dağıtım, Vb Tarihi 1998
300 ## - FİZİKSEL TANIM
Kapsam xvi, 408 s.
Boyutlar 22 sm.
440 ## - SERİSİ TABLOSU / KATMA GİRİŞİ - BAŞLIK
Başlık Tarih Vakfı Yurt Yayınları
Hacim / Ardışık Tanımı 31
504 ## - KAYNAKÇA VB NOT
Kaynakça Vb Notu Kaynakça ve dizin var.
650 ## - KONU KATMA GİRİŞ - TOPİKAL DÖNEM
Topikal Süreli Veya Coğrafi Ad Giriş Elemanı Osmanlı İmparatorluğu
Genel Alt Bölümü Kadınlar
650 ## - KONU KATMA GİRİŞ - TOPİKAL DÖNEM
Topikal Süreli Veya Coğrafi Ad Giriş Elemanı Kadınlar
Genel Alt Bölümü Tarih
740 ## - KATMA GİRİŞ - KONTROLSUZ İLGİLİ / ANALİTİK BAŞLIK
Kontrol Edilmeyen / İlgili Analitik Başlıktaki Osmanlı İmparatorluğu'nda hükümranlık ve kadınlar
942 ## - EKLENDİ GİRİŞ ELEMANLARI (KOHA)
Sınıflandırma Veya Raf Düzeni Kaynak
Koha Öğesi Türü Books
999 ## - SİSTEM KONTROL NUMARALARI (KOHA)
Koha Biblionumber 10886
Koha Biblioitemnumber 10886
Holdings
Kalıcı Konum Mevcut Konum Edinme Tarihi Edinim Kaynak Toplam Check-Out'Lar Tam Çağrı Numarası Barkod Tarih Son Görülme İtibaren Geçerli Fiyatlar Sigara Kamu Notu Koha Öğesi Türü
CHP Kütüphanesi CHP Kütüphanesi 11/29/2018 Bağış   306.409561015 P35h 1998 018198 11/29/2018 11/29/2018 Bağışlayan: Ertuğrul Çepni Books